Statistics for hardest languages

Click here to take the quiz!

General Stats

  • This quiz has been taken 59 times
  • The average score is 7 of 15

Answer Stats

#Answer% Correct
5Arabic
82%
15Russian
78%
2Chinese
76%
10Finnish
71%
6Hungarian
64%
7Icelandic
60%
9Greek
47%
8Albanian
38%
11Hebrew
38%
14Croatian
33%
4Basque
31%
13Slovene
22%
12Slovak
20%
3Swahili
20%
1Inuit,Cherokee, Saami, Other indigious languages
7%

Score Distribution

Percentile by Number Answered

Percent of People with Each Score

Your Score History

You have not taken this quiz